| 000 | 01052nam a22002297a 4500 | ||
|---|---|---|---|
| 999 |
_c12603 _d12603 |
||
| 003 | AR-CdUCM | ||
| 008 | 190306b ||||| |||| 00| 0 spa d | ||
| 040 |
_aMUNICIPALIDAD PROVINCIAL DEL CUSCO _cBIBLIOTECA MUNICIPAL DEL CUSCO |
||
| 082 |
_23ed. _a348.68 / _bM95 |
||
| 100 |
_aMurguía Sánchez, Armida _930523 |
||
| 245 |
_aSistematización de la Legislación Laboral Peruana : _bderecho individual del trabajo / |
||
| 260 |
_aLima : _bMinisterio de Trabajo y Promoción Social, _c1988. |
||
| 300 |
_a365 páginas ; _c20.5 cm. |
||
| 440 |
_aLegislación Laboral ; _n7 _911075 |
||
| 505 | _aContenido: Derecho de Sindicación -- Negociación Colectiva -- Protección del Derecho y Fomento de la Negociación Colectiva -- Procedimientos Especiales de Reclamaciones Colectivas -- Paralizaciones Colectivas de Trabajo ... | ||
| 650 |
_aDerecho Laboral _95297 |
||
| 650 |
_aDerecho Sindical _911076 |
||
| 650 |
_aDerecho Colectivo de Trabajo _911077 |
||
| 700 |
_aAlcabés Voto Bernales, Nancy _930524 |
||
| 942 |
_2ddc _cLIBROS |
||
| 945 |
_aacv _d2019-04-09 |
||